| 000 | 01002nam a22002897a 4500 | ||
|---|---|---|---|
| 003 | CHAP | ||
| 005 | 20220329134538.0 | ||
| 008 | 971013s1971 r 00010 d | ||
| 010 | _a21943 | ||
| 011 | _a22915 | ||
| 035 | _a27010 | ||
| 040 | _cCHAP | ||
| 082 |
_a658.05 _bC5 |
||
| 100 | 0 | 0 |
_aClifton, H. D. _923809 |
| 245 |
_aData processing systems desing _b: case studios from the application of computers to business |
||
| 260 |
_aPrinceton : _bAuerbach, _c1971 |
||
| 300 | _a154 p. | ||
| 590 |
_aBATCH-UPD _b10 _c20130110 _lUCH01 _h2228 |
||
| 590 |
_aBATCH-UPD _b10 _c20130410 _lUCH01 _h1524 |
||
| 590 |
_aBATCH-UPD _b10 _c20130914 _lUCH01 _h1855 |
||
| 590 |
_aCONVERSION _b10 _c20130109 _lUCH01 _h1313 |
||
| 650 | 1 | 4 |
_aProcesamiento automático de datos en administración de empresas. _991748 |
| 901 | _aBK | ||
| 942 | _cLIBRO | ||
| 949 |
_a658.05 C5 _bBC _cLIBRO _d33724000128120 _eLIBRO _h34544 _i27010 _si _t187.50 |
||
| 949 |
_a658.05 C5 _bBC _cLIBRO _d33724000128138 _eLIBRO _fc.2 _h34545 _i27010 _si _t187.50 |
||
| 999 |
_c21943 _d21943 |
||